An introduction to mechanical vibrations (Record no. 161978)

MARC details
000 -LEADER
fixed length control field 00415nam a2200157Ia 4500
008 - FIXED-LENGTH DATA ELEMENTS--GENERAL INFORMATION
fixed length control field 231217s9999 xx 000 0 und d
041 ## - LANGUAGE CODE
Language code of text/sound track or separate title English
082 ## - DEWEY DECIMAL CLASSIFICATION NUMBER
Classification number 620.3 STE;4
100 ## - MAIN ENTRY--PERSONAL NAME
Personal name Steidel, Robert F
245 #3 - TITLE STATEMENT
Title An introduction to mechanical vibrations
250 ## - EDITION STATEMENT
Edition statement 3rd ed.
260 ## - PUBLICATION, DISTRIBUTION, ETC.
Date of publication, distribution, etc. 1989
Name of publisher, distributor, etc. John Wiley
300 ## - PHYSICAL DESCRIPTION
Extent xviii+439
650 ## - SUBJECT ADDED ENTRY--TOPICAL TERM
Topical term or geographic name entry element Mechanical vibration Vibration,mechanical
942 ## - ADDED ENTRY ELEMENTS (KOHA)
Koha item type Books
Holdings
Date last seen Total checkouts Full call number Accession number Cost, total (INR) price Price effective from Category Lost status Damaged status Department Withdrawn status Home library Current library Entry date Vendor Cost, normal purchase price Grants Billnumber Billdate Currency symbol Conversion rate Discount Old discount Public note
26/01/2024   620.3 STE;4 3681 232.37 26/01/2024 Books     Central Library   Central Library Central Library 13/08/1991 Wiley Eastern 8.45 ME 30848 16/12/1992 USD 27.5      
26/01/2024   620.3 STE;3 3682 232.37 26/01/2024 Books     Central Library   Central Library Central Library 13/08/1991 Wiley Eastern 8.45 ME 30848 16/12/1992 USD 27.5     Missing 2015
26/01/2024   620.3 STE 3683 232.37 26/01/2024 Books     Central Library   Central Library Central Library 13/08/1991 Wiley Eastern 8.45 ME 30848 16/12/1992 USD 27.5      
26/01/2024   620.3 STE;2 4320 255.35 26/01/2024 Books     Central Library   Central Library Central Library 19/12/1992 Educational Supplies 9.45 ME 19497 12/08/1993 USD 31.8 1.42 15  
26/01/2024   620.3 STE;1 4321 255.35 26/01/2024 Books     Central Library   Central Library Central Library 19/12/1992 Educational Supplies 9.45 ME 19497 12/08/1993 USD 31.8 1.42 15  

© For any Suggestions or Query, please contact the library staff @ librarian@pes.edu or Phone: +9180 2672 1983/ 2108.